000 00992cam a2200241 a 4500
999 _c6641
_d6641
005 20200305164339.0
008 891012s19680000py 0 spa d
015 _aNNN
035 _a(Sirsi) 14912
040 _aCO-BoPUJ
_cCO-JMCR
041 _aspa
082 0 4 _a010 /
_bL781d
100 1 _aLitton, Gaston
_eautor
_91222
245 1 3 _aLa documentación /
_cGaston Litton
260 _aArgentina :
_bBowker,
_c1971
300 _a177 páginas ;
_c17 cm.
440 _aBreviarios del Bibliotecario
_91223
505 _aLa investigación -- La documentación -- Servicio de documentación -- La coordinación de la documentación nacional -- Los archivos --- La biografía Los catálogos -- La clasificación -- Los índices -- Resúmenes, traducciones y reprografías -- Las computadoras electrónicas -- La imagen de la biblioteca del futuro
546 _aspa
650 2 4 _91224
650 2 4 _91225